MDQL
is popping MORE tags! Check the
thread
!
Quizzes
Events
Quiz Creation
Community
Videos
Private Events
Remove Ads
Sign In
Join for FREE
Feedback
Dark Mode
Quiz Categories
Sports
Geography
Music
Movies
Television
Just For Fun
Miscellaneous
History
Literature
Language
Science
Gaming
Entertainment
Religion
Holiday
For Kids
Quiz Lab
Recent
Popular Today
Quiz Kudos Today
Editor Picks
Curator Picks
Quizzes by...
Day
Popularity
Type
Ratings
Length
Year
Community
Subscriptions
Recent Discussions
Orange Saloon
Badges
Playlists
Quests
Create
Leaderboards
Showdown
Live 5
Trivia Bingo
Activity
Puzzle Library
Sporcle Events
Private Events
Virtual Trivia
Globe League
Become a Host
Pub Owners
SporcleCon
Opinionation
Our Games
Videos
Blog
Mobile Apps
Partnerships
Remove Ads and Go Orange
Feedback
Sports
Athletes
MLB
NBA
NHL
NFL
Soccer
Sports Teams
WWE
NCAA
Football
Premier League
Basketball
Baseball
Hockey
Golf
Tennis
Cricket
Rugby
Auto Racing
Olympics
World Cup
Sports
Athletes
MLB
NBA
NHL
NFL
Soccer
Sports Teams
WWE
NCAA
Football
Premier League
Basketball
Baseball
Hockey
Golf
Tennis
Cricket
Rugby
Auto Racing
Olympics
World Cup
Random Quiz
Search Sporcle
×
Quiz Lab
Quiz Lab
Sports
Hockey
Type in answers that appear in a list
Type in answers that appear in a list
Classic
Best Score? Go Orange.
NHL Most Goals Without 1000 Points Stats
Can you name the NHLers who have scored the most goals without reaching the 1000 career points mark?
By
cheesyjon
7m
30 Questions
283 Plays
283 Plays
283 Plays
Comments
Comments
Give Quiz Kudos
Give Quiz Kudos
-
- Ratings
hide this ad
More Info
Replay
Link that replays current quiz
Next Quiz
Link to next quiz in quiz playlist
You Got
0%
They Got
Avg Score
60%
Avg Friend Score
Upgrade to see
Score Distribution
Jump to the score distribution portion of the page
Score
0/30
Timer
07:00
0
Plays Today
Goals (Pts)
Player
% Correct
544 (945)
Maurice Richard
92.6%
437 (779)
Pavel Bure
87.2%
503 (892)
Peter Bondra
83.7%
417 (904)*
Marián Hossa
81.9%
406 (785)*
Ilya Kovalchuk
80.1%
402 (989)
Paul Kariya
74.8%
395 (694)
Cam Neely
69.1%
406 (819)
John LeClair
67.4%
422 (885)
Owen Nolan
66%
424 (817)
Steve Shutt
64.9%
420 (883)
Bill Barber
64.5%
438 (910)
Gary Roberts
62.4%
395 (869)
Markus Näslund
62.4%
428 (863)
Yvan Cournoyer
61.3%
429 (856)
Bill Guerin
59.9%
Goals (Pts)
Player
% Correct
417 (938)*
Jason Arnott
59.2%
416 (900)
Tony Amonte
58.5%
441 (788)
Rick Vaive
57.1%
421 (819)
Stéphane Richer
57.1%
440 (952)
Rick Tocchet
56.7%
448 (988)
Rick Middleton
53.2%
421 (933)
Steve Thomas
48.2%
413 (842)
John MacLean
48.2%
402 (827)
John Ogrodnick
47.2%
408 (898)
Ray Ferraro
45.7%
396 (986)
Dave Keon
44%
395 (822)
Pierre Larouche
43.6%
393 (822)
Bernie Geoffrion
42.2%
394 (856)
Tomas Sandström
37.9%
413 (804)
Garry Unger
22.3%
Quiz Playlist
Details
Report
Send in Message
Add To Playlist
More Info:
* - denotes active player
Classic:
Type in answers that appear in a list
Quiz Source
Last Updated: Feb 16, 2017
Quiz Scoreboard
CHALLENGE
Sign Up to Join the Scoreboard
Show All
Scores
Hide
Comments
May contain spoilers
Recently Published
1-10 Letter E Words III
by El_Dandy
Language
2m
Street Fighter Characters
by Artimus82
Gaming
60s
College Basketball Coaching Resumes
by pancakes188
Sports
9m
More to Explore
Quiz From the Vault
Featured Blog Post
Where Did the Easter Bunny Come From?
hide this ad
You Might Also Like...
Tags
Hockey Quiz
NHL Quiz
1000 Point
goal
Goal Scorers
Today's Top Quizzes in Sports
Browse Sports
hide this ad
Today's Top Quizzes in Hockey
Browse Hockey
Top Contributed Quizzes in Sports
1
2022 World Cup Stars
2
Les meilleurs buteurs des matchs entre le PSG et l’OM
3
FIFA Club World Cup Champions
4
Les entraîneurs de l'OM et du PSG au 21e siècle
5
Criteria MLB: Left Handed Sluggers
6
2023 MLB Unique Player Accomplishments
7
AFC Teams Reveal (Wrong Answers Minefield)
8
Players with Multiple 50 Home Run Seasons
9
5-to-1: FBS Animal Nicknames
10
5-to-1: UK Sports Teams
Explore More
Trending Topics
Harry Potter
NBA
Kpop
Marvel
Anime
Disney
Crossword
The Office
Song
Puzzle
Soccer
Pokémon
WWE
Country
NFL
hide this ad
More By:
cheesyjon
Quiz
Plays
Rating
Category
Featured
Created
Superhero/Villain by Actor
185,873
3.82
Entertainment
Nov 2, 2009
Countries With The Most...
164,791
4.42
Geography
Dec 1, 2009
Countries That Take Up 1% of the World's Population
109,308
4.59
Geography
Nov 24, 2012
Mass Effect Characters by Description
8,333
4.56
Gaming
Apr 9, 2012
Uncharted Characters
6,114
3.86
Gaming
Dec 9, 2009
Go to Creator's Profile
Score Distribution
Quiz Creator Spotlight
cheesyjon
Follow
Send a Message
Quizzes Created
-
Created Quiz Play Count
-
More By This Creator
Popular Quizzes Today
1
Find the US States - No Outlines Minefield
2
Find the Countries of Europe - No Outlines Minefield
3
The Countries of the World
4
Find the US States
5
Risky Map Clicking: Biggest States A-Z
6
US States
7
Popular People in 1961
8
Movies - When Are They Set?
More Sports Quizzes
NFC Starting QBs of the 2000s
Quiz Lab
Trending Quizzes
Risky Map Clicking: Least Populous States A-Z
USA Borders Longest to Shortest
1-10 Letter G Words
1-10 Letter F Words
Countries of the World: 200 Million BC
Recently Updated
Beyoncé Albums
pecheneg
Leaping Animals
pecheneg
Reality TV Shows (A-Z)
bhenderson79
Rickey Henderson's Hall of Fame Teammates
pecheneg
Champions League XIs: Arsenal
pecheneg
Quick Pick: Celebrities in WWE's Hall of Fame
aduchscher
A-Z Keypad Blitz II
pecheneg
Multiple Oscar Actors
pecheneg
Mystery Phrase Blitz: Oscar 'Best Actors'
pecheneg
F. Scott Fitzgerald Novels
LTH
Trending Topics
Disney
Anime
Crossword
Harry Potter
Kpop
NBA
Marvel
Song
WWE
NFL
Pokémon
Puzzle
Country
The Office
Soccer
Your Account Isn't Verified!
In order to create a playlist on Sporcle, you need to verify the email address you used during registration. Go to your
Sporcle Settings
to finish the process.
Report this User
Report this user for behavior that violates our
Community Guidelines
.
Details:
Send Report
Go to the Sporcle.com Mobile Site →
Comments